| 000 | 00452nam a2200157 i 4500 | ||
|---|---|---|---|
| 001 | 62920 | ||
| 003 | ES-MaACL | ||
| 005 | 20230906164742.0 | ||
| 007 | t| | ||
| 008 | 031126s1966 sp ||||1| spa d | ||
| 100 | 1 |
_aFernández Criado Pérez, M. _949606 |
|
| 245 | 1 | 0 |
_aAmilosis renal / _cM. Fernández Criado Pérez. |
| 260 |
_aMadrid : _bPaz Montalvo, _c1966. |
||
| 300 |
_a181 p., 11 lám. : _bil. ; _c24 cm. |
||
| 852 |
_aES-MaACL _jC-30906 _bR.60488 |
||
| 999 |
_c62920 _d62920 |
||